000 00360 a2200157 4500
001 74896
020 _a9788582171608
040 _cAnchieta - Colégio São Paulo
100 _aJunqueira, Sônia
240 1 0 _aO menino e o peixinho
_lpor
245 1 0 _aO menino e o peixinho
300 _a31
362 0 _a2013
650 4 _aLiteratura infantil
942 _cBK
999 _c74896
_d74896